[Event "Cambrdge Springs Memorial Tournament"]
[Site "SchemingMind.com"]
[Date "2024.12.06"]
[Round "-"]
[White "The Stonewall"]
[Black "Raymond de Kemp"]
[Result "1-0"]
[WhiteCountry "ENG"]
[BlackCountry "NED"]
[WhiteElo "2305"]
[WhiteRD "75"]
[BlackElo "1816"]
[BlackRD "63"]
[GameID "749516"]

1. d4 f5 2. Bf4 Nf6 3. e3 d6 4. Nc3 e6 5. Bd3 Nc6 6. Nf3 Nb4 7. Be2 Be7 8. h3 O-O 9. O-O b6 10. Nb1 h6
11. c3 Nbd5 12. Bh2 c5 13. Nbd2 Bd7 14. Bd3 Bc6 15. c4 Nc7 16. Qc2 cxd4 17. exd4 Na6 18. a3 Nc7 19. d5 exd5 20. Nd4 Bd7
21. Nxf5 Ne6 22. Rfe1 Ne8 23. Nxe7+ Qxe7 24. cxd5 Nd4 25. Bh7+
1-0

[Event "Cambrdge Springs Memorial Tournament"]
[Site "SchemingMind.com"]
[Date "2024.12.06"]
[Round "-"]
[White "Raymond de Kemp"]
[Black "The Stonewall"]
[Result "0-1"]
[WhiteCountry "NED"]
[BlackCountry "ENG"]
[WhiteElo "1816"]
[WhiteRD "63"]
[BlackElo "2305"]
[BlackRD "75"]
[GameID "749517"]

1. f4 g6 2. Nf3 Bg7 3. e4 c5 4. c3 Nc6 5. Bb5 Qb6 6. Na3 Nf6 7. e5 Nd5 8. d4 cxd4 9. cxd4 O-O 10. O-O d6
11. Bxc6 bxc6 12. Nc4 Qc7 13. Bd2 Bg4 14. h3 Bd7 15. Re1 Rfb8 16. exd6 exd6 17. Ba5 Nb6 18. Ne3 Re8 19. Rc1 Re4 20. Ng5 Rxd4
21. Qb3 Rf8 22. Nf3 Re4 23. Nd5 Rxe1+ 24. Nxe1 Qd8 25. Bxb6 axb6 26. Nxb6 Bd4+
0-1

[Event "Cambrdge Springs Memorial Tournament"]
[Site "SchemingMind.com"]
[Date "2024.12.27"]
[Round "-"]
[White "The Stonewall"]
[Black "Chessibelle"]
[Result "1-0"]
[WhiteCountry "ENG"]
[BlackCountry "ENG"]
[WhiteElo "2282"]
[WhiteRD "75"]
[BlackElo "915"]
[BlackRD "58"]
[GameID "750187"]

1. e4 e5 2. d4 Nc6 3. dxe5 Nxe5 4. Nc3 Bd6 5. Be2 g6 6. Bf4 Nf6 7. Nh3 h6 8. Nb5 Qe7 9. Qd4 O-O 10. Nxd6 cxd6
11. Bxh6 Re8 12. Bg5 b6 13. O-O-O Bb7 14. f4 Rac8 15. fxe5 dxe5 16. Qa4 Rc6 17. Rhf1 Kg7 18. Bb5 Rc5 19. Bxf6+ Kf8 20. Bxe7+
1-0

[Event "Cambrdge Springs Memorial Tournament"]
[Site "SchemingMind.com"]
[Date "2024.12.27"]
[Round "-"]
[White "Chessibelle"]
[Black "The Stonewall"]
[Result "0-1"]
[WhiteCountry "ENG"]
[BlackCountry "ENG"]
[WhiteElo "915"]
[WhiteRD "58"]
[BlackElo "2282"]
[BlackRD "75"]
[GameID "750188"]

1. e4 d5 2. Bd3 Nf6 3. Nc3 d4 4. Nce2 e5 5. c3 Nc6 6. a3 a6 7. g3 Bc5 8. f3 O-O 9. b4 Ba7 10. f4 dxc3
11. dxc3 Nxe4 12. Qc2 Nf2 13. Bc4 Nxh1 14. Ba2 Nf2 15. Kf1 Nd3 16. Bd2 exf4 17. gxf4 Qh4 18. Qxd3 Qf2#
0-1

[Event "Cambrdge Springs Memorial Tournament"]
[Site "SchemingMind.com"]
[Date "2024.12.27"]
[Round "-"]
[White "Chessibelle"]
[Black "Raymond de Kemp"]
[Result "0-1"]
[WhiteCountry "ENG"]
[BlackCountry "NED"]
[WhiteElo "915"]
[WhiteRD "58"]
[BlackElo "1880"]
[BlackRD "68"]
[GameID "750189"]

1. e4 e5 2. d3 Bc5 3. Nf3 Nc6 4. Nc3 Nf6 5. h3 O-O 6. a3 d5 7. Bd2 d4 8. Ne2 Re8 9. c3 dxc3 10. Nxc3 Be6
11. g3 Nd4 12. Nxe5 Bb3 13. Qc1 Nc2+ 14. Ke2 Rxe5 15. Bf4 Re6 16. a4 Qd7 17. Nb5 Rc6 18. f3 Nb4 19. Kd2 Bc2 20. Nxc7 Rxc7
21. Ra3 Rc6 22. g4 Rd8 23. Be2 Bxd3 24. Ke1 Nc2+ 25. Kf1 Nxa3 26. bxa3 Bxe2+ 27. Kxe2 Qd3+ 28. Ke1 Bb4+ 29. Kf2 Rxc1
0-1

[Event "Cambrdge Springs Memorial Tournament"]
[Site "SchemingMind.com"]
[Date "2024.12.27"]
[Round "-"]
[White "Raymond de Kemp"]
[Black "Chessibelle"]
[Result "1-0"]
[WhiteCountry "NED"]
[BlackCountry "ENG"]
[WhiteElo "1880"]
[WhiteRD "68"]
[BlackElo "915"]
[BlackRD "58"]
[GameID "750190"]

1. e4 e5 2. f4 Nc6 3. Nf3 d6 4. Bc4 g6 5. O-O Nf6 6. Ng5 Bg4 7. Qe1 Nd4 8. Na3 a6 9. Nxf7 Qd7 10. Nxh8 O-O-O
11. fxe5 dxe5 12. Rxf6 Qg7 13. Rf7 Qxh8 14. c3 Nc6 15. Qg3 h5 16. d4 Bd6 17. d5 Na7 18. Bg5 Re8 19. b4 Kb8 20. Raf1 Nc8
21. h3 Nb6 22. hxg4 Na8 23. Bf6 Qg8 24. Rg7 Qh8 25. Rxg6 Qh7 26. gxh5 Qxh5 27. Rg8 Bf8 28. Rg5 Qf7 29. Bxe5 Ka7 30. Rxf7
1-0

[Event "Cambrdge Springs Memorial Tournament"]
[Site "SchemingMind.com"]
[Date "2025.01.03"]
[Round "-"]
[White "The Stonewall"]
[Black "Allan Sedstrem"]
[Result "1-0"]
[WhiteCountry "ENG"]
[BlackCountry "SCO"]
[WhiteElo "2282"]
[WhiteRD "75"]
[BlackElo "1541"]
[BlackRD "56"]
[GameID "750407"]

1. Nc3 d6 2. e4 f5 3. exf5 Bxf5 4. Nf3 Nc6 5. Bb5 Bd7 6. d4 a6 7. Bc4 Nf6 8. Ng5 d5 9. Nxd5 Nxd5 10. Bxd5 e6
11. Bxe6 h6 12. Qh5+
1-0

[Event "Cambrdge Springs Memorial Tournament"]
[Site "SchemingMind.com"]
[Date "2025.01.03"]
[Round "-"]
[White "Allan Sedstrem"]
[Black "The Stonewall"]
[Result "0-1"]
[WhiteCountry "SCO"]
[BlackCountry "ENG"]
[WhiteElo "1541"]
[WhiteRD "56"]
[BlackElo "2282"]
[BlackRD "75"]
[GameID "750408"]

1. c4 b6 2. d4 e6 3. e3 Bb7 4. a3 f5 5. Nc3 Nf6 6. Nf3 Be7 7. Bd3 O-O 8. O-O Ne4 9. Ne2 c5 10. Bxe4 fxe4
11. Nd2 Na6 12. Ng3 d5 13. b3 cxd4 14. Bb2 dxe3 15. fxe3 Rxf1+ 16. Qxf1 Nc5 17. Qe2 Nd3 18. Bc3 Qd7 19. Qg4 Bc5 20. Ndf1 d4
21. exd4 Bxd4+ 22. Kh1 Bxc3 23. Rd1 Nf2+
0-1

[Event "Cambrdge Springs Memorial Tournament"]
[Site "SchemingMind.com"]
[Date "2025.01.03"]
[Round "-"]
[White "Chessibelle"]
[Black "Allan Sedstrem"]
[Result "0-1"]
[WhiteCountry "ENG"]
[BlackCountry "SCO"]
[WhiteElo "915"]
[WhiteRD "58"]
[BlackElo "1541"]
[BlackRD "56"]
[GameID "750409"]

1. d4 d5 2. e3 c5 3. c4 Nf6 4. h3 e6 5. b3 Be7 6. f4 O-O 7. g4 Ne4 8. Rh2 Bh4+ 9. Ke2 cxd4 10. Bb2 Nc6
11. exd4 Qf6 12. Bc1 Nxd4+ 13. Ke3 Rd8 14. a4 Nf5+ 15. Kf3 Qxa1 16. Nd2 Qc3+ 17. Ke2 Nd4#
0-1

[Event "Cambrdge Springs Memorial Tournament"]
[Site "SchemingMind.com"]
[Date "2025.01.03"]
[Round "-"]
[White "Allan Sedstrem"]
[Black "Chessibelle"]
[Result "1-0"]
[WhiteCountry "SCO"]
[BlackCountry "ENG"]
[WhiteElo "1541"]
[WhiteRD "56"]
[BlackElo "915"]
[BlackRD "58"]
[GameID "750410"]

1. c4 c5 2. Nf3 h6 3. d4 f6 4. Nc3 d6 5. d5 e6 6. e4 Nd7 7. Bd3 g6 8. dxe6 Ne5 9. Nd5 Bxe6 10. Nf4 Bf7
11. Qa4+ Ke7 12. Nxe5 fxe5 13. Qb3 b6 14. O-O Bg7 15. Nd5+ Ke6 16. f4 Qh4 17. Nc7+ Kf6 18. Nxa8 Ne7 19. Nc7 g5 20. fxe5+ Kg6
21. exd6 Nc8 22. e5+ Kh5 23. Be2+ g4 24. h3 Bxe5 25. Qd3 Nxd6 26. Bxg4+ Qxg4 27. hxg4+ Kh4 28. Qh3#
1-0

[Event "Cambrdge Springs Memorial Tournament"]
[Site "SchemingMind.com"]
[Date "2025.01.03"]
[Round "-"]
[White "Allan Sedstrem"]
[Black "Raymond de Kemp"]
[Result "0-1"]
[WhiteCountry "SCO"]
[BlackCountry "NED"]
[WhiteElo "1541"]
[WhiteRD "56"]
[BlackElo "1880"]
[BlackRD "68"]
[GameID "750411"]

1. c4 f5 2. d4 Nf6 3. Nc3 g6 4. Bg5 Bg7 5. Nf3 O-O 6. Qc1 d6 7. Bh6 c6 8. h4 Bxh6 9. Qxh6 Rf7 10. Ng5 Rg7
11. e3 Ng4 12. Qxg7+ Kxg7 13. O-O-O Nxf2 14. Rh2 e6 15. Rd2 Ng4 16. Rh3 h6 17. Nf3 Nxe3 18. Be2 Nxg2 19. Bf1 Nf4 20. Rg3 Nd7
21. Ne2 Nxe2+ 22. Bxe2 Nf6 23. Nh2 Ne4
0-1

[Event "Cambrdge Springs Memorial Tournament"]
[Site "SchemingMind.com"]
[Date "2025.01.03"]
[Round "-"]
[White "Raymond de Kemp"]
[Black "Allan Sedstrem"]
[Result "1-0"]
[WhiteCountry "NED"]
[BlackCountry "SCO"]
[WhiteElo "1816"]
[WhiteRD "63"]
[BlackElo "1537"]
[BlackRD "58"]
[GameID "750412"]

1. d4 d5 2. Nf3 Nc6 3. Bf4 Nf6 4. e3 Ne4 5. Nbd2 Bg4 6. Be2 Bxf3 7. Bxf3 e6 8. Nxe4 dxe4 9. Bxe4 Qd7 10. O-O O-O-O
11. c3 Ne7 12. b4 f5 13. Bc2 Ng6 14. Bg3 h6 15. Ba4 c6 16. Qe2 Bd6 17. Bxd6 Qxd6 18. Bb3 Ne7 19. a4 g5 20. a5 h5
21. a6 b6 22. b5 g4 23. f4 Nd5 24. Rfc1 Nc7 25. c4 h4 26. c5 bxc5 27. Rxc5 Kd7 28. bxc6+ Ke7 29. Bc2 h3 30. g3 Rb8
31. Ra4 Rb6 32. e4 fxe4 33. Bxe4 Rc8 34. Qxg4 Rxa6 35. Rxa6 Qxd4+ 36. Kf1 Nxa6 37. Qg5+ Qf6 38. Qxf6+ Kxf6 39. Rh5 Nb4 40. Rh6+ Kf7
41. Rh7+ Kf6 42. Rxa7 Nxc6 43. Rh7 Na5 44. Rxh3 Nc4 45. Ke2 Re8 46. Rh6+ Kg7 47. Rg6+ Kf7 48. h4 Nd6 49. Bd3 Nf5 50. h5 Nxg3+
51. Rxg3 Rh8 52. Rg5 Kf6 53. Ra5 Rh6 54. Kf3 Rh7 55. Bxh7
1-0

[Event "Cambrdge Springs Memorial Tournament"]
[Site "SchemingMind.com"]
[Date "2025.01.12"]
[Round "-"]
[White "The Stonewall"]
[Black "Martin E. Hardwick"]
[Result "1-0"]
[WhiteCountry "ENG"]
[BlackCountry "ENG"]
[WhiteElo "2292"]
[WhiteRD "77"]
[BlackElo "1004"]
[BlackRD "79"]
[GameID "750846"]

1. e4 e5 2. Nf3 Nc6 3. Nc3 Nf6 4. g3 Bc5 5. Bg2 d6 6. d3 Bg4 7. h3 Bxf3 8. Qxf3 Nd4 9. Qd1 O-O 10. Na4 Bb4+
11. c3 Bxc3+ 12. Nxc3 Re8 13. O-O d5 14. Bg5 b5 15. Nxd5 h6 16. Nxf6+
1-0

[Event "Cambrdge Springs Memorial Tournament"]
[Site "SchemingMind.com"]
[Date "2025.01.12"]
[Round "-"]
[White "Martin E. Hardwick"]
[Black "The Stonewall"]
[Result "0-1"]
[WhiteCountry "ENG"]
[BlackCountry "ENG"]
[WhiteElo "1004"]
[WhiteRD "79"]
[BlackElo "2292"]
[BlackRD "77"]
[GameID "750847"]

1. e4 c6 2. d4 d5 3. Nf3 dxe4 4. Ng5 Nf6 5. Nc3 Bf5 6. Ngxe4 Nxe4 7. Nxe4 Bxe4 8. Qg4 Bxc2 9. Be2 Nd7 10. O-O Nf6
11. Qg3 Bg6 12. Bd3 Bxd3 13. Qxd3 e6 14. Bg5 Be7 15. Bxf6 Bxf6 16. Rfd1 O-O 17. Rd2 Qb6
0-1

[Event "Cambrdge Springs Memorial Tournament"]
[Site "SchemingMind.com"]
[Date "2025.01.12"]
[Round "-"]
[White "Martin E. Hardwick"]
[Black "Chessibelle"]
[Result "0-1"]
[WhiteCountry "ENG"]
[BlackCountry "ENG"]
[WhiteElo "1017"]
[WhiteRD "82"]
[BlackElo "977"]
[BlackRD "62"]
[GameID "750848"]

1. e4 e5 2. Nf3 d6 3. Nc3 Nf6 4. d4 Nc6 5. dxe5 Nd7 6. Bc4 g6 7. e6 Nf6 8. exf7+ Kd7 9. Bg5 Bg7 10. O-O b6
11. e5 Bb7 12. Nd5 Qf8 13. exf6 Bh6 14. Ne7 Nd8 15. Bb5+ c6 16. Nxc6 Ne6
0-1

[Event "Cambrdge Springs Memorial Tournament"]
[Site "SchemingMind.com"]
[Date "2025.01.12"]
[Round "-"]
[White "Chessibelle"]
[Black "Martin E. Hardwick"]
[Result "1-0"]
[WhiteCountry "ENG"]
[BlackCountry "ENG"]
[WhiteElo "1051"]
[WhiteRD "63"]
[BlackElo "1004"]
[BlackRD "79"]
[GameID "750849"]

1. Nf3 Nf6 2. d4 d5 3. e3 e6 4. Bd2 Be7 5. g3 Nc6 6. Be2 Nb4 7. O-O a5 8. Bb5+ c6 9. Be2 Bd6 10. c3 Na6
11. a3 Ne4 12. Be1 Ng5 13. Nbd2 Nxf3+ 14. Nxf3 Qf6 15. Qd2 e5 16. b3 e4 17. Nh4
1-0

[Event "Cambrdge Springs Memorial Tournament"]
[Site "SchemingMind.com"]
[Date "2025.01.12"]
[Round "-"]
[White "Martin E. Hardwick"]
[Black "Allan Sedstrem"]
[Result "0-1"]
[WhiteCountry "ENG"]
[BlackCountry "SCO"]
[WhiteElo "1004"]
[WhiteRD "79"]
[BlackElo "1495"]
[BlackRD "57"]
[GameID "750850"]

1. e4 e5 2. Nf3 d6 3. d4 Nf6 4. Nc3 Be7 5. dxe5 O-O 6. exf6 Bxf6 7. Be2 Bxc3+ 8. bxc3 Qf6 9. Qd3 Re8 10. Bg5 Qe6
11. O-O h6 12. Bxh6 Qxh6 13. Qe3 Qg6
0-1

[Event "Cambrdge Springs Memorial Tournament"]
[Site "SchemingMind.com"]
[Date "2025.01.12"]
[Round "-"]
[White "Allan Sedstrem"]
[Black "Martin E. Hardwick"]
[Result "1-0"]
[WhiteCountry "SCO"]
[BlackCountry "ENG"]
[WhiteElo "1495"]
[WhiteRD "57"]
[BlackElo "1004"]
[BlackRD "79"]
[GameID "750851"]

1. d4 d5 2. c4 c5 3. cxd5 Qxd5 4. Nc3 Qd8 5. e3 cxd4 6. Ne4 d3 7. Bxd3 Nf6 8. Nf3 Nxe4 9. Qa4+ Bd7 10. Qxe4 e6
11. Qxb7 Nc6 12. Qa6 Bb4+ 13. Bd2 Qa5 14. Qxa5
1-0

[Event "Cambrdge Springs Memorial Tournament"]
[Site "SchemingMind.com"]
[Date "2025.01.12"]
[Round "-"]
[White "Martin E. Hardwick"]
[Black "Raymond de Kemp"]
[Result "0-1"]
[WhiteCountry "ENG"]
[BlackCountry "NED"]
[WhiteElo "1004"]
[WhiteRD "79"]
[BlackElo "1827"]
[BlackRD "66"]
[GameID "750852"]

1. e4 d6 2. d4 Nf6 3. Nc3 Nbd7 4. e5 dxe5 5. dxe5 Nxe5 6. Qxd8+ Kxd8 7. Bf4 Ng6 8. Bg3 Bd7 9. Rd1 e6 10. Rd3 Bb4
11. a3 Bxc3+ 12. Rxc3 Nd5 13. Rd3 Ke7 14. Nf3 Rhe8 15. Bh4+ f6 16. Rb3 Nb6 17. Bb5 Bxb5
0-1

[Event "Cambrdge Springs Memorial Tournament"]
[Site "SchemingMind.com"]
[Date "2025.01.12"]
[Round "-"]
[White "Raymond de Kemp"]
[Black "Martin E. Hardwick"]
[Result "1-0"]
[WhiteCountry "NED"]
[BlackCountry "ENG"]
[WhiteElo "1816"]
[WhiteRD "63"]
[BlackElo "1017"]
[BlackRD "82"]
[GameID "750853"]

1. e4 e5 2. f4 f5 3. exf5 Be7 4. fxe5 Bh4+ 5. g3 Be7 6. Qh5+ g6 7. fxg6 Kf8 8. d4 Bb4+ 9. c3 Kg7 10. Bd3 Kf8
11. gxh7 Qe7 12. Ne2 Qxh7 13. Bxh7 Be7 14. Bh6+ Nxh6 15. Qxh6+ Ke8 16. Bg6+
1-0

[Event "Cambrdge Springs Memorial Tournament"]
[Site "SchemingMind.com"]
[Date "2025.01.15"]
[Round "-"]
[White "The Stonewall"]
[Black "MazetaFighter"]
[Result "1-0"]
[WhiteCountry "ENG"]
[BlackCountry "GRE"]
[WhiteElo "2305"]
[WhiteRD "75"]
[BlackElo "2123"]
[BlackRD "80"]
[GameID "750942"]

1. d4 d5 2. Nf3 Nf6 3. e3 c6 4. Bd3 Bg4 5. Nbd2 Nbd7 6. h3 Bh5 7. O-O e5 8. e4 dxe4 9. Nxe4 Be7 10. Nxf6+ Bxf6
11. g4 Bg6 12. dxe5 Bxe5 13. Nxe5 Nxe5 14. Re1 Qd4 15. Be3 Qb4 16. Bd2 Qc5 17. Bf4 f6 18. b4 Qd5 19. Bxe5 fxe5 20. Bxg6+ hxg6
21. Qxd5 cxd5 22. Rxe5+ Kf7 23. Rd1 Rac8 24. Rdxd5 Rxc2 25. Rd7+ Kf6 26. Rde7 Rc6 27. g5#
1-0

[Event "Cambrdge Springs Memorial Tournament"]
[Site "SchemingMind.com"]
[Date "2025.01.15"]
[Round "-"]
[White "MazetaFighter"]
[Black "The Stonewall"]
[Result "*"]
[WhiteCountry "GRE"]
[BlackCountry "ENG"]
[WhiteElo "2108"]
[WhiteRD "81"]
[BlackElo "2292"]
[BlackRD "77"]
[GameID "750943"]

1. e4 c6 2. d4 d5 3. Nc3 dxe4 4. Nxe4 Nd7 5. Bc4 Ngf6 6. Nxf6+ Nxf6 7. c3 Qc7 8. Qf3 Bg4 9. Qg3 Qxg3 10. hxg3 e6
11. f3 Bf5 12. g4 Bc2 13. Ne2 Nd5 14. Bb3 Bxb3 15. axb3 Bd6 16. Bd2 O-O 17. Kf2 Rfd8 18. f4 c5 19. Kf3 cxd4 20. cxd4 a6
21. g3 Bb4 22. Nc3 Ne7 23. Be3 f6 24. Ra4 Nc6 25. Ke4 Rd6 26. Na2
*

[Event "Cambrdge Springs Memorial Tournament"]
[Site "SchemingMind.com"]
[Date "2025.01.15"]
[Round "-"]
[White "Martin E. Hardwick"]
[Black "MazetaFighter"]
[Result "0-1"]
[WhiteCountry "ENG"]
[BlackCountry "GRE"]
[WhiteElo "1004"]
[WhiteRD "79"]
[BlackElo "2108"]
[BlackRD "81"]
[GameID "750944"]

1. e4 e5 2. Nf3 Nc6 3. Bc4 Nf6 4. Ng5 d5 5. exd5 Na5 6. Bb5+ c6 7. dxc6 bxc6 8. Bc4 Nxc4 9. d3 Nb6 10. O-O h6
11. Re1 hxg5 12. Bxg5 Bd6 13. Nc3 Be6 14. Ne4 Be7 15. Nxf6+ Bxf6 16. Bxf6 Qxf6
0-1

[Event "Cambrdge Springs Memorial Tournament"]
[Site "SchemingMind.com"]
[Date "2025.01.18"]
[Round "-"]
[White "MazetaFighter"]
[Black "Martin E. Hardwick"]
[Result "1-0"]
[WhiteCountry "GRE"]
[BlackCountry "ENG"]
[WhiteElo "2108"]
[WhiteRD "81"]
[BlackElo "1004"]
[BlackRD "79"]
[GameID "750945"]

1. e4 e5 2. Nf3 Nc6 3. Bb5 Bc5 4. c3 d6 5. d4 exd4 6. cxd4 Bb4+ 7. Nc3 Bd7 8. O-O Nh6 9. Bxh6 gxh6 10. Nd5 a6
11. Bxc6
1-0

[Event "Cambrdge Springs Memorial Tournament"]
[Site "SchemingMind.com"]
[Date "2025.01.18"]
[Round "-"]
[White "MazetaFighter"]
[Black "Allan Sedstrem"]
[Result "1-0"]
[WhiteCountry "GRE"]
[BlackCountry "SCO"]
[WhiteElo "2123"]
[WhiteRD "80"]
[BlackElo "1537"]
[BlackRD "58"]
[GameID "750948"]

1. e4 e5 2. f4 exf4 3. Nf3 d6 4. Bc4 Be6 5. Qe2 Bxc4 6. Qxc4 h6 7. d3 Nc6 8. Bxf4 Nf6 9. O-O Ng4 10. d4 g5
11. Bd2 Bg7 12. Nxg5 O-O 13. Nf3 Nxd4 14. Nxd4 c5 15. Nf5 Bxb2 16. Bc3 Bxa1 17. Bxa1 Qg5 18. h4 Qd8 19. Qc3 f6 20. Qg3 h5
21. Nh6+ Kh7 22. Nxg4 hxg4 23. Qxg4 Rg8 24. Qh5+ Kg7 25. Bxf6+ Qxf6 26. Rxf6 Kxf6 27. Qf5+ Kg7 28. Nc3 b5 29. Nd5 Raf8 30. Qg5+ Kf7
31. Qf6+ Ke8 32. Qe7#
1-0

[Event "Cambrdge Springs Memorial Tournament"]
[Site "SchemingMind.com"]
[Date "2025.01.15"]
[Round "-"]
[White "Allan Sedstrem"]
[Black "MazetaFighter"]
[Result "0-1"]
[WhiteCountry "SCO"]
[BlackCountry "GRE"]
[WhiteElo "1537"]
[WhiteRD "58"]
[BlackElo "2123"]
[BlackRD "80"]
[GameID "750949"]

1. d4 d5 2. c4 e6 3. e3 Nf6 4. Nf3 Be7 5. Be2 O-O 6. O-O b6 7. b3 Bb7 8. Bb2 Nbd7 9. Nc3 a6 10. Ne5 dxc4
11. Bxc4 b5 12. Bd3 c5 13. Rc1 Nxe5 14. dxe5 Nd5 15. Nxd5 Qxd5 16. f3 Rfd8 17. Be4 Qxd1 18. Rfxd1 Bxe4 19. fxe4 Rxd1+ 20. Rxd1 Rd8
21. Rc1 Rd2 22. Ba3 b4 23. Bxb4 cxb4 24. h4 g6 25. g3 Rxa2 26. Rc8+ Bf8 27. Rc4 Re2
0-1

[Event "Cambrdge Springs Memorial Tournament"]
[Site "SchemingMind.com"]
[Date "2025.01.14"]
[Round "-"]
[White "MazetaFighter"]
[Black "Raymond de Kemp"]
[Result "1-0"]
[WhiteCountry "GRE"]
[BlackCountry "NED"]
[WhiteElo "2108"]
[WhiteRD "81"]
[BlackElo "1827"]
[BlackRD "66"]
[GameID "750950"]

1. e4 d6 2. d4 Nf6 3. Nc3 Nbd7 4. f4 e5 5. Nf3 exd4 6. Nxd4 g6 7. Nf3 Bg7 8. Bc4 O-O 9. O-O Re8 10. Ng5 Rf8
11. f5 Ne5 12. Bb3 c6 13. Bf4 Qc7 14. fxg6 hxg6 15. Bxe5 dxe5 16. Qe1 Bh6 17. Nxf7 Rxf7 18. Rxf6
1-0

[Event "Cambrdge Springs Memorial Tournament"]
[Site "SchemingMind.com"]
[Date "2025.01.14"]
[Round "-"]
[White "Raymond de Kemp"]
[Black "MazetaFighter"]
[Result "0-1"]
[WhiteCountry "NED"]
[BlackCountry "GRE"]
[WhiteElo "1827"]
[WhiteRD "66"]
[BlackElo "2108"]
[BlackRD "81"]
[GameID "750951"]

1. f4 d5 2. Nf3 Nf6 3. e3 Bf5 4. Nc3 e6 5. d3 Be7 6. h3 c5 7. g4 Bg6 8. Ne5 Nbd7 9. Nxg6 hxg6 10. Bg2 Qc7
11. b3 a6 12. Bb2 Nb6 13. g5 Nh5 14. Ne2 f6 15. h4 O-O-O 16. Bf3 d4 17. exd4 Nxf4 18. dxc5 Bxc5 19. Qd2 Nxe2 20. Qxe2 e5
21. O-O-O Bd4 22. Bxd4 Rxd4 23. Qg2 f5 24. Qf2 Qc3 25. Rde1 Rxd3 26. Kb1 Rd2
0-1

[Event "Cambrdge Springs Memorial Tournament"]
[Site "SchemingMind.com"]
[Date "2025.01.16"]
[Round "-"]
[White "pawngrabber"]
[Black "The Stonewall"]
[Result "0-1"]
[WhiteCountry "ENG"]
[BlackCountry "ENG"]
[WhiteElo "1730"]
[WhiteRD "63"]
[BlackElo "2282"]
[BlackRD "75"]
[GameID "750984"]

1. d4 f5 2. c4 e6 3. Nc3 Nf6 4. Nf3 Bb4 5. Bd2 O-O 6. e3 b6 7. Be2 Bb7 8. O-O d6 9. Bd3 Qe7 10. a3 Bxc3
11. Bxc3 Ne4 12. Rc1 Nd7 13. b4 Nxc3 14. Rxc3 c5 15. dxc5 dxc5 16. b5 Rad8 17. Qe2 g5 18. h3 g4 19. hxg4 fxg4 20. Ne1 Qg7
21. f4 Qxc3
0-1

[Event "Cambrdge Springs Memorial Tournament"]
[Site "SchemingMind.com"]
[Date "2025.01.16"]
[Round "-"]
[White "The Stonewall"]
[Black "pawngrabber"]
[Result "1-0"]
[WhiteCountry "ENG"]
[BlackCountry "ENG"]
[WhiteElo "2305"]
[WhiteRD "75"]
[BlackElo "1775"]
[BlackRD "61"]
[GameID "750986"]

1. e4 d6 2. d4 Nf6 3. Nc3 g6 4. Be3 Bg7 5. Qd2 c6 6. Bh6 Bxh6 7. Qxh6 e5 8. O-O-O Qe7 9. Nf3 Bg4 10. Be2 Nbd7
11. h3 Bxf3 12. Bxf3 O-O-O 13. Kb1 Qf8 14. Qe3 Nb6 15. g4 h6 16. Be2 g5 17. a4 Kb8 18. h4 Nh7 19. a5 Nc8 20. d5 c5
21. Na4 Qe7 22. Rh2 Nf6 23. Rdh1 gxh4 24. Rxh4 Rhg8 25. f3 h5 26. gxh5 Rh8 27. Qa3 Rh6 28. a6 b6 29. Qd3 Qd7 30. Nc3 Rdh8
31. f4 exf4 32. Qf3 Ne8 33. Qxf4 f6 34. Rg1 Ne7 35. Bb5 Qc7 36. Bxe8
1-0

[Event "Cambrdge Springs Memorial Tournament"]
[Site "SchemingMind.com"]
[Date "2025.01.17"]
[Round "-"]
[White "pawngrabber"]
[Black "Martin E. Hardwick"]
[Result "1-0"]
[WhiteCountry "ENG"]
[BlackCountry "ENG"]
[WhiteElo "1763"]
[WhiteRD "59"]
[BlackElo "1004"]
[BlackRD "79"]
[GameID "750988"]

1. d4 d5 2. c4 c5 3. cxd5 Qxd5 4. Nc3 Qd8 5. d5 Nf6 6. e4 e6 7. Bc4 exd5 8. exd5 Bg4 9. Nf3 Be7 10. O-O O-O
11. Qd3 Re8 12. Ne5 Bd6 13. Nxg4 Nxg4 14. g3 Qf6 15. Bd2
1-0

[Event "Cambrdge Springs Memorial Tournament"]
[Site "SchemingMind.com"]
[Date "2025.01.17"]
[Round "-"]
[White "Martin E. Hardwick"]
[Black "pawngrabber"]
[Result "0-1"]
[WhiteCountry "ENG"]
[BlackCountry "ENG"]
[WhiteElo "1004"]
[WhiteRD "79"]
[BlackElo "1763"]
[BlackRD "59"]
[GameID "750990"]

1. e4 e5 2. Nf3 Nc6 3. Nc3 Nf6 4. d3 Bb4 5. Bd2 d6 6. Be2 Bg4 7. Nd5 Bxd2+ 8. Qxd2 Nxd5 9. exd5 Ne7 10. Qg5 Bxf3
11. Bxf3 O-O 12. O-O Ng6 13. Qxd8 Raxd8 14. Rfe1 f5
0-1

[Event "Cambrdge Springs Memorial Tournament"]
[Site "SchemingMind.com"]
[Date "2025.01.16"]
[Round "-"]
[White "pawngrabber"]
[Black "MazetaFighter"]
[Result "0-1"]
[WhiteCountry "ENG"]
[BlackCountry "GRE"]
[WhiteElo "1730"]
[WhiteRD "63"]
[BlackElo "2136"]
[BlackRD "79"]
[GameID "750991"]

1. d4 d5 2. c4 Nc6 3. e3 e5 4. cxd5 Qxd5 5. Nc3 Bb4 6. Bd2 Bxc3 7. bxc3 Nf6 8. Qf3 Qd6 9. h3 O-O 10. Qg3 Ne4
11. Qh2 Nxd2 12. Kxd2 Qa3 13. Rc1 Qxa2+ 14. Rc2 Qd5 15. Ne2 exd4 16. cxd4 Bf5 17. Nf4 Qa5+ 18. Rc3 Nb4 19. Bc4 Na2 20. Bxa2 Qxa2+
21. Kc1 Qa1+ 22. Kd2 Qb2+
0-1

[Event "Cambrdge Springs Memorial Tournament"]
[Site "SchemingMind.com"]
[Date "2025.01.20"]
[Round "-"]
[White "MazetaFighter"]
[Black "pawngrabber"]
[Result "1-0"]
[WhiteCountry "GRE"]
[BlackCountry "ENG"]
[WhiteElo "2123"]
[WhiteRD "80"]
[BlackElo "1775"]
[BlackRD "61"]
[GameID "750992"]

1. e4 d6 2. d4 Nf6 3. Nc3 g6 4. f4 Bg7 5. Nf3 c5 6. Bb5+ Bd7 7. e5 dxe5 8. dxe5 Ng4 9. Bxd7+ Nxd7 10. Qe2 O-O
11. h3 Nh6 12. g4 Kh8 13. Be3 b6 14. O-O-O Qc7 15. Nd5 Qb7 16. Nxe7 Nxe5 17. Nxe5 Qxe7 18. Bd2 Qe6 19. Rde1 Qxa2 20. Bc3 Qd5
21. Rd1 Qe6 22. Rhe1 Rad8 23. Qa6 Bxe5 24. Rxe5
1-0